| 000 | 00938 a2200253 4500 | ||
|---|---|---|---|
| 999 |
_c5844 _d5844 |
||
| 020 | _a9780813813943 (alk. paper) | ||
| 020 | _a0813813948 (alk. paper) | ||
| 050 | 0 | 0 | _aSF761 FRA 2009 |
| 100 | 1 |
_aFrandson, R. D. _eauthor |
|
| 245 | 1 | 0 |
_aAnatomy and physiology of farm animals / _cRowan D. Frandson, W. Lee Wilke, Anna Dee Fails. |
| 250 | _a7th ed. | ||
| 264 |
_aDanvers, MA _bWiley-Blackwell, _c2009. |
||
| 300 |
_axiii, 512 p., [8] p. of plates : _bill. (some col.) ; |
||
| 500 | _aIncludes index | ||
| 504 | _aIncludes bibliographical references | ||
| 650 | 0 | _aVeterinary anatomy. | |
| 650 | 0 | _aVeterinary physiology. | |
| 650 | 1 | 2 | _aAnatomy, Veterinary. |
| 650 | 2 | 2 |
_aAnimals, Domestic _xphysiology. |
| 700 | 1 |
_aWilke, W. Lee. _eauthor |
|
| 700 | 1 |
_aFails, Anna Dee. _eauthor |
|
| 942 |
_2lcc _cBK _e7th edition _h761 _iFRA _kSF |
||